书目信息 |
| 题名: |
煤炭气化新工艺
|
|
| 作者: | 陈贺仁 编译 | |
| 分册: | ||
| 出版信息: | 北京 煤炭工业出版社 1984.4 |
|
| 页数: | 300页 | |
| 开本: | 19cm | |
| 丛书名: | ||
| 单 册: | ||
| 中图分类: | TQ546 | |
| 科图分类: | ||
| 主题词: | 煤气化--生产工艺 | |
| 电子资源: | ||
| ISBN: | ||
| 000 | 00519nam0 2200181 45 | |
| 001 | 0181011325 | |
| 005 | 20051213094543.73 | |
| 010 | @dCNY1.15 | |
| 100 | @a20810111d km y0chiy0120 ea | |
| 101 | 0 | @achi |
| 200 | 1 | @a煤炭气化新工艺@Amei tan qi hua xin gong yi@f陈贺仁等编译@Fchen he ren deng bian yi |
| 210 | @a北京@c煤炭工业出版社@d1984.4 | |
| 215 | @a300页@d19cm | |
| 606 | 0 | @a煤气化@x生产工艺 |
| 690 | @aTQ546 | |
| 701 | 0 | @a陈贺仁@Achen he ren@4编译 |
| 801 | @aCN@bTSTC@c20051213 | |
| 905 | @dTQ546@e5@f2@b122993-94 | |
| 煤炭气化新工艺/陈贺仁等编译.-北京:煤炭工业出版社,1984.4 |
| 300页;19cm |
| ISBN :CNY1.15 |
| ● |
| 相关链接 |
|
|
|
|
正题名:煤炭气化新工艺
索取号:TQ546/5
 
预约/预借
| 序号 | 登录号 | 条形码 | 馆藏地/架位号 | 状态 | 备注 |
| 1 | 0122993 | 202166244 | 密集书库/ [索取号:TQ546/5] | 在馆 | |
| 2 | 0122994 | 001477556 | 第二样本阅览室/ [索取号:TQ546/5] | 在馆 |